000
00311nam a22001337a 4500
008
170614b xxu||||| |||| 00| 0 eng d
020
_a
9781588263926
041
_a
eng
080
_a
321
100
_a
19
101
_a
SHP
245
_a
INTERNATIONAL ORGANIZATIONS DEMOCRACY
_c
ZWEIFEL.TH.D
942
_2
udc
_c
BK
999
_c
17259
_d
17259